000 00744nam a2200217 a 4500
005 20220815095950.0
008 030227s1997 mx r 000 0 spa d
020 _a9688426571
035 _aUPN01000122237
049 _aCG
050 4 _aHD6072.6 M6
_bM5.2
100 1 _aMingo, Araceli
_929327
245 1 1 _a¿Autonomía o sujeción? :
_bdinámica, instituciones y formación en una microempresa de campesinas /
_cAraceli Mingo.
260 _aMéxico :
_bUNAM, Coordinación de Humanidades :
_bM. A. Porrúa,
_c1997.
300 _a189 p.
440 0 _aLas ciencias
650 7 _aMujeres
_xEmpleo
_zMéxico
_2
_99091
650 4 _aMUJERES EN LA AGRICULTURA
_96794
650 2 _aMujeres
_xHistoria y condición de la mujer
_91583
905 _aLibro
999 _c94434
_d94434